| 000 | 00402nam a2200157Ia 4500 | ||
|---|---|---|---|
| 008 | 220803s9999 xx 000 0 und d | ||
| 020 | _a9788131606223 | ||
| 041 | _aeng | ||
| 082 | _a711.4 BRI | ||
| 100 |
_aBrito O Ed. _925099 |
||
| 245 | _aUnderstanding Urban Poverty In India | ||
| 260 |
_aNew Delhi _bRawat Publication _c2014 |
||
| 300 | _a218p | ||
| 500 | _aARCHI | ||
| 650 |
_aUrban Design _925100 |
||
| 999 |
_c15955 _d15955 |
||